|
|
|
|
| LEADER |
00000cam a2200000 i 4500 |
| 001 |
1/95767 |
| 008 |
081018s1954 gre d |
| 035 |
|
|
|l 10101024
|
| 040 |
|
|
|a GR-MY-UA
|b gre
|e aacr
|
| 041 |
0 |
|
|a gre
|
| 082 |
0 |
|
|a 489.3
|2 (22)
|
| 100 |
1 |
|
|a Τσακρής, Παναγιώτης Α.,
|d 1957-
|
| 245 |
1 |
0 |
|a Μέθοδος συντακτικού της ελληνικής γλώσσης :
|b (εις 47 μαθήματα) /
|c Παν. Α. Τσακρή
|
| 250 |
|
|
|a 2η έκδ., βελτ.
|
| 260 |
|
|
|a Αθήναι :
|b [χ.ό.],
|c 1954
|
| 300 |
|
|
|a 166 σ.;
|c 22 εκ.
|
| 650 |
0 |
0 |
|a Greek language, Modern
|x Syntax.
|
| 650 |
0 |
0 |
|a Greek language, Modern
|x Usage.
|
| 852 |
|
|
|a INST
|b RHODES
|c AKA
|e 20081018
|h 489.3 ΤΣΑ
|p 005400030977
|q 005400030977
|t BK
|y 0
|
| 901 |
|
|
|a BIBL4-2008-3
|
| 909 |
|
|
|a Ρ
|b 153416
|
| 970 |
|
|
|a ΚΟΖΑ
|b ΜΑΡΙΑ
|z 2008/10/18
|